Städte ohne Karte ihren Bundesländern zuordnen - Statistiken

Allgemein
  • Dieses Quiz wurde 67 mal gespielt
  • Das Durchschnittsergebnis liegt bei 116 aus 181
Antwortstatistiken
Hint Antwort % Korrekt
Dortmund Nordrhein-Westfalen
85%
München Bayern
83%
Augsburg Bayern
81%
Münster Nordrhein-Westfalen
81%
Aachen Nordrhein-Westfalen
81%
Hamburg Hamburg
79%
Karlsruhe Baden-Württemberg
77%
Nürnberg Bayern
77%
Wuppertal Nordrhein-Westfalen
77%
Mainz Rheinland-Pfalz
77%
Flensburg Schleswig-Holstein
77%
Freiburg im Breisgau Baden-Württemberg
75%
Stuttgart Baden-Württemberg
75%
Landshut Bayern
75%
Wiesbaden Hessen
75%
Frankfurt am Main Hessen
75%
Oldenburg Niedersachsen
75%
Mönchengladbach Nordrhein-Westfalen
75%
Siegen Nordrhein-Westfalen
75%
Gelsenkirchen Nordrhein-Westfalen
75%
Bochum Nordrhein-Westfalen
75%
Düsseldorf Nordrhein-Westfalen
75%
Dresden Sachsen
75%
Leipzig Sachsen
75%
Regensburg Bayern
73%
Fürth Bayern
73%
Bremen Bremen
73%
Kassel Hessen
73%
Rostock Mecklenburg-Vorpommern
73%
Schwerin Mecklenburg-Vorpommern
73%
Stralsund Mecklenburg-Vorpommern
73%
Köln Nordrhein-Westfalen
73%
Kiel Schleswig-Holstein
73%
Jena Thüringen
73%
Heilbronn Baden-Württemberg
71%
Bamberg Bayern
71%
Hof Bayern
71%
Erlangen Bayern
71%
Würzburg Bayern
71%
Passau Bayern
71%
Bremerhaven Bremen
71%
Hannover Niedersachsen
71%
Oberhausen Nordrhein-Westfalen
71%
Essen Nordrhein-Westfalen
71%
Mülheim an der Ruhr Nordrhein-Westfalen
71%
Koblenz Rheinland-Pfalz
71%
Saarbrücken Saarland
71%
Tübingen Baden-Württemberg
69%
Ingolstadt Bayern
69%
Rosenheim Bayern
69%
Berlin Berlin
69%
Brandenburg an der Havel Brandenburg
69%
Offenbach am Main Hessen
69%
Wolfsburg Niedersachsen
69%
Bonn Nordrhein-Westfalen
69%
Dorsten Nordrhein-Westfalen
69%
Herne Nordrhein-Westfalen
69%
Recklinghausen Nordrhein-Westfalen
69%
Bergisch Gladbach Nordrhein-Westfalen
69%
Düren Nordrhein-Westfalen
69%
Duisburg Nordrhein-Westfalen
69%
Trier Rheinland-Pfalz
69%
Bayreuth Bayern
67%
Darmstadt Hessen
67%
Gießen Hessen
67%
Wilhelmshaven Niedersachsen
67%
Braunschweig Niedersachsen
67%
Emden Niedersachsen
67%
Menden (Sauerland) Nordrhein-Westfalen
67%
Solingen Nordrhein-Westfalen
67%
Iserlohn Nordrhein-Westfalen
67%
Detmold Nordrhein-Westfalen
67%
Lippstadt Nordrhein-Westfalen
67%
Magdeburg Sachsen-Anhalt
67%
Erfurt Thüringen
67%
Schwäbisch Gmünd Baden-Württemberg
65%
Esslingen am Neckar Baden-Württemberg
65%
Göppingen Baden-Württemberg
65%
Pforzheim Baden-Württemberg
65%
Baden-Baden Baden-Württemberg
65%
Kempten Bayern
65%
Potsdam Brandenburg
65%
Osnabrück Niedersachsen
65%
Hamm Nordrhein-Westfalen
65%
Leverkusen Nordrhein-Westfalen
65%
Remscheid Nordrhein-Westfalen
65%
Neuss Nordrhein-Westfalen
65%
Dormagen Nordrhein-Westfalen
65%
Krefeld Nordrhein-Westfalen
65%
Kaiserslautern Rheinland-Pfalz
65%
Lübeck Schleswig-Holstein
65%
Sindelfingen Baden-Württemberg
63%
Villingen-Schwenningen Baden-Württemberg
63%
Friedrichshafen Baden-Württemberg
63%
Konstanz Baden-Württemberg
63%
Heidenheim an der Brenz Baden-Württemberg
63%
Ludwigsburg Baden-Württemberg
63%
Heidelberg Baden-Württemberg
63%
Lörrach Baden-Württemberg
63%
Aschaffenburg Bayern
63%
Schweinfurt Bayern
63%
Lüneburg Niedersachsen
63%
Hildesheim Niedersachsen
63%
Salzgitter Niedersachsen
63%
Hagen Nordrhein-Westfalen
63%
Bottrop Nordrhein-Westfalen
63%
Castrop-Rauxel Nordrhein-Westfalen
63%
Moers Nordrhein-Westfalen
63%
Chemnitz Sachsen
63%
Zwickau Sachsen
63%
Gera Thüringen
63%
Aalen Baden-Württemberg
62%
Mannheim Baden-Württemberg
62%
Ravensburg Baden-Württemberg
62%
Göttingen Niedersachsen
62%
Lingen (Ems) Niedersachsen
62%
Celle Niedersachsen
62%
Bielefeld Nordrhein-Westfalen
62%
Euskirchen Nordrhein-Westfalen
62%
Unna Nordrhein-Westfalen
62%
Paderborn Nordrhein-Westfalen
62%
Kleve Nordrhein-Westfalen
62%
Görlitz Sachsen
62%
Reutlingen Baden-Württemberg
60%
Frankfurt (Oder) Brandenburg
60%
Hanau Hessen
60%
Greifswald Mecklenburg-Vorpommern
60%
Garbsen Niedersachsen
60%
Grevenbroich Nordrhein-Westfalen
60%
Ludwigshafen am Rhein Rheinland-Pfalz
60%
Neustadt (Weinstraße) Rheinland-Pfalz
60%
Worms Rheinland-Pfalz
60%
Weimar Thüringen
60%
Ulm Baden-Württemberg
58%
Böblingen Baden-Württemberg
58%
Neu-Ulm Bayern
58%
Marburg Hessen
58%
Fulda Hessen
58%
Herten Nordrhein-Westfalen
58%
Gütersloh Nordrhein-Westfalen
58%
Lüdenscheid Nordrhein-Westfalen
58%
Marl Nordrhein-Westfalen
58%
Speyer Rheinland-Pfalz
58%
Norderstedt Schleswig-Holstein
58%
Rastatt Baden-Württemberg
56%
Offenburg Baden-Württemberg
56%
Waiblingen Baden-Württemberg
56%
Delmenhorst Niedersachsen
56%
Hameln Niedersachsen
56%
Hattingen Nordrhein-Westfalen
56%
Ratingen Nordrhein-Westfalen
56%
Velbert Nordrhein-Westfalen
56%
Wesel Nordrhein-Westfalen
56%
Bad Kreuznach Rheinland-Pfalz
56%
Plauen Sachsen
56%
Dessau-Roßlau Sachsen-Anhalt
56%
Halle (Saale) Sachsen-Anhalt
56%
Cottbus Brandenburg
54%
Wetzlar Hessen
54%
Hürth Nordrhein-Westfalen
54%
Arnsberg Nordrhein-Westfalen
54%
Langenfeld (Rheinland) Nordrhein-Westfalen
54%
Frechen Nordrhein-Westfalen
54%
Rüsselsheim am Main Hessen
52%
Bad Homburg vor der Höhe Hessen
52%
Langenhagen Niedersachsen
52%
Stolberg (Rheinland) Nordrhein-Westfalen
52%
Hilden Nordrhein-Westfalen
52%
Eschweiler Nordrhein-Westfalen
52%
Meerbusch Nordrhein-Westfalen
50%
Ahlen Nordrhein-Westfalen
50%
Elmshorn Schleswig-Holstein
50%
Neumünster Schleswig-Holstein
50%
Neubrandenburg Mecklenburg-Vorpommern
46%
Nordhorn Niedersachsen
46%
Bergheim Nordrhein-Westfalen
46%
Pulheim Nordrhein-Westfalen
44%
Neuwied Rheinland-Pfalz
44%
Ibbenbüren Nordrhein-Westfalen
42%
Bad Salzluflen Nordrhein-Westfalen
42%
Sankt Augustin Nordrhein-Westfalen
40%
Keine übereinstimmenden Quizze gefunden
Verteilung der Resultate
Anzahl Personen mit jedem Resultat
Perzentil nach korrekt beantworteten Fragen
Ihre Resultats-Entwicklung
Sie haben dieses Quiz noch nicht gespielt